000 02569nam0a2200373 4500
001 RU\NLR\bibl\1480640
005 20260406104544.0
010 _a978-5-488-02572-1
_97100
021 _aRU
_b2009-107958
_96887
021 _aRU
_b2011-17477
_91229
035 _a(NLR Aleph) 001472293
090 _a1651261
_c1651261
100 _a20100304d2009 |||y0rusy50 ca
101 0 _arus
102 _aRU
105 _aa |||||||||
200 1 _aЧас мужества
_eстихотворения и рассказы о Великой Отечественной войне
_e[для младшего школьного возраста
_fсост.: Р. Данкова
_gавт. предисл.: С. Алексеев
_gхудож. В. Гальдяев, А. Лурье]
210 _aМосква
_cОникс
_d2009 (макет 2010)
215 _a189, [1] с.
_cил.
_d22
225 1 _aБиблиотека российского школьника
_eБРШ
225 1 _aЧитаем по школьной программе
300 _a65-летию Великой Победы посвящается
327 0 _aСодерж.: Стихотворения о Великой Отечественной Войне: циклы: Среди большой войны жестокой; Беспощадные метки войны; Всем даруется победа / А. Ахматова, П. Синявский, Б. Дубровин [и др.]. Рассказы о Великой Отечественной войне: разделы: О великой московской битве; О великом сражении на берегах Волги; О битве на Курской дуге; О героическом Севастополе; О ленинградцах и подвиге Ленинграда; Вперед, на Запад!; О штурме Берлина и полной нашей Победе / С. Алексеев
686 _aШ9(2)60=Р7я43
702 1 _4220
_7ca
_8rus
_aДанкова
_bР. Е.
_f1959-
_gРегина Евгеньевна
_979304
_3RU\NLR\auth\7796378
702 1 _4040
_7ca
_8rus
_aГальдяев
_bВ. Л.
_f1938-2001
_gВладимир Леонидович
_944405
_3RU\NLR\auth\7761475
702 1 _4040
_7ca
_8rus
_aЛурье
_bА. А.
_cхудожник-иллюстратор
_f1916-1990
_gАркадий Александрович
_971875
_3RU\NLR\AUTH\7788947
801 0 _aRU
_bNLR
_c20100304
_gRCR
801 1 _aRU
_bNLR
_c20100304
942 _cBOOK
980 _aNB